Southville International School and Colleges
Your cart is empty.
  • Cart
  • Lists
    Public lists Eva Luna New books Lux_list list_1
    Your lists Log in to create your own lists
  • Log in to your account
  • Your cookies
  • Search history
Southville International School and Colleges
  • Advanced search
  • Recent comments
  • Most popular
  • Libraries

Log in to your account

Log in with GOOGLE


If you do not have an external account, but do have a local account, you can still log in:

  1. Home
  2. MARC view: Lippincott Q&A certification review :
Normal view MARC view ISBD view

Lippincott Q&A certification review : (Record no. 366378)

[ view plain ]
MARC details
000 -LEADER
fixed length control field 00642nam a22002057a 4500
003 - CONTROL NUMBER IDENTIFIER
control field 0
005 - DATE AND TIME OF LATEST TRANSACTION
control field 20240924102906.0
008 - FIXED-LENGTH DATA ELEMENTS--GENERAL INFORMATION
fixed length control field 240924b xxu||||| |||| 00| 0 eng d
020 ## - INTERNATIONAL STANDARD BOOK NUMBER
International Standard Book Number 978-1-975114-55-8
050 ## - LIBRARY OF CONGRESS CALL NUMBER
Classification number RT 55
Item number .C58 2024
100 ## - MAIN ENTRY--PERSONAL NAME
Personal name Clutter, Patricia L.
245 ## - TITLE STATEMENT
Title Lippincott Q&A certification review :
Remainder of title emergency nursing (CEN)
Statement of responsibility, etc Clutter, Patricia L.
250 ## - EDITION STATEMENT
Edition statement 3rd ed.
260 ## - PUBLICATION, DISTRIBUTION, ETC. (IMPRINT)
Place of publication, distribution, etc Philadelphia
Name of publisher, distributor, etc Wolters kluwer
Date of publication, distribution, etc C2024
300 ## - PHYSICAL DESCRIPTION
Extent ix, 408p.
Other physical details col. :
Dimensions 27cm.
500 ## - GENERAL NOTE
General note Nursing examinations, questions, etc.
500 ## - GENERAL NOTE
General note Nursing care -- examinations, questions.
650 ## - SUBJECT ADDED ENTRY--TOPICAL TERM
Topical term or geographic name as entry element Includes index.
942 ## - ADDED ENTRY ELEMENTS (KOHA)
Source of classification or shelving scheme Library of Congress Classification
Koha item type Books
Holdings
Withdrawn status Lost status Source of classification or shelving scheme Damaged status Home library Current library Shelving location Date acquired Source of acquisition Sub Shelving location Total Checkouts Total Renewals Full call number Barcode Date last seen Date checked out Price effective from Koha item type
    Library of Congress Classification   College Library College Library Reserve Section 09/24/2024 Library Fund   1 2 RT 55 .C58 2024 C23618 02/17/2025 01/27/2025 09/24/2024 Books

Lippincott Q&A certification review :

APA

Clutter P. L., . (2024). Lippincott Q&A certification review. Philadelphia: Wolters kluwer.

Chicago

Clutter Patricia L, . 2024. Lippincott Q&A certification review. Philadelphia: Wolters kluwer.

Harvard

Clutter P. L., . (2024). Lippincott Q&A certification review. Philadelphia: Wolters kluwer.

MLA

Clutter Patricia L, . Lippincott Q&A certification review. Philadelphia: Wolters kluwer. 2024.

  • Place hold
  • Print
  • Cite
  • Add to your cart (remove)
  • Save record
    BIBTEX Dublin Core MARCXML MARC (non-Unicode/MARC-8) MARC (Unicode/UTF-8) MARC (Unicode/UTF-8, Standard) MODS (XML) RIS
  • More searches
    Search for this title in:
    Other Libraries (WorldCat) Other Databases (Google Scholar) Online Stores (Bookfinder.com) Open Library (openlibrary.org)

Exporting to Dublin Core...

SOUTHVILLE LIBRARY

Southville International School and Colleges Library

1281 Tropical Ave. Cor. Luxembourg St., BF Homes International, Las Pinas City

Tel. No. 8256374 / 252358 Loc. 117/146

Powered by Koha